000 00545nam a2200193Ia 4500
005 20250508154814.0
008 008 250505s9999 xx 000 0 eng d
037 _aTextual
040 _aFEDL
_beng
_cFEDL
041 _aeng
_2eng
084 _a428.24, BHA
_qFEDL
100 _aBhandari C S
_9761689
245 0 _aRead and tell, Book 4
260 _aBombay, India
_bOrient Longman Pvt. Ltd.
_c1967
300 _aiv,35p
700 _a Spencer J W Ram S k
_9766130
942 _cTEXL
_h428.24, BHA
999 _c1352224
_d1352224